书目信息 |
| 题名: |
地形测量高差表
|
|
| 作者: | ;测量计算用表编算组 编算 | |
| 分册: | ||
| 出版信息: | 北京 测绘出版社 1975 |
|
| 页数: | 149页 | |
| 开本: | 20cm | |
| 丛书名: | ||
| 单 册: | ||
| 中图分类: | P217 | |
| 科图分类: | ||
| 主题词: | 测绘用表 , 普通测量学 , 地形测量学 | |
| 电子资源: | ||
| ISBN: | ||
| 000 | 00739nam0 2200253 45 | |
| 001 | 0175002931 | |
| 005 | 20060517163224.20 | |
| 010 | @dCNY0.60 | |
| 100 | @a19951019d1975 em y0chiy0121 ea | |
| 101 | 0 | @achi |
| 102 | @aCN@b110000 | |
| 105 | @ay o 000yy | |
| 200 | 10 | @a地形测量高差表@Adi xing ce liang gao cha biao@f测量计算用表编算组编算@Fce liang ji suan yong biao bian suan zu bian suan |
| 205 | @a增订本 | |
| 210 | @a北京@c测绘出版社@d1975 | |
| 215 | @a149页@d20cm | |
| 606 | @a测绘用表 | |
| 606 | 0 | @a普通测量学 |
| 606 | 0 | @a地形测量学 |
| 690 | @aP217@v3 | |
| 711 | 02 | @a测量计算用表编算组@Ace liang ji suan yong biao bian suan zu@4编算 |
| 801 | 2 | @aCN@bNLC@c20060517 |
| 801 | 0 | @aCN@bTSSF |
| 905 | @a10447@dP217@e104=2 | |
| 地形测量高差表/测量计算用表编算组编算.-增订本.-北京:测绘出版社,1975 |
| 149页;20cm |
| ISBN :CNY0.60 |
| ● |
| 相关链接 |
|
|
|
|
正题名:地形测量高差表
索取号:P217/104=2
 
预约/预借
| 序号 | 登录号 | 条形码 | 馆藏地/架位号 | 状态 | 备注 |
| 1 | 0008555 | 202352925 | 密集书库/ [索取号:P217/104=2] | 在馆 | |
| 2 | 0008557 | 202354497 | 密集书库/ [索取号:P217/104=2] | 在馆 | |
| 3 | 0018072 | 202354610 | 密集书库/ [索取号:P217/104=2] | 在馆 |